Science Quiz

Random Science or Animal Quiz

15 in 15: Birds Quiz Stats

 Plays Quiz not verified by Sporcle

Score 0/15 Timer 00:15
12 Plays Today
% Correct
Eagle
89%
Owl
88.2%
Duck
87.3%
Hawk
86.9%
Crow
86.1%
Penguin
86%
Ostrich
86%
Swan
85.9%
% Correct
Raven
85.5%
Robin
83.5%
Kiwi
81.3%
Swallow
81%
Gull
79%
Buzzard
76%
Jay
75.3%

You're not logged in!

Compare scores with friends on all Sporcle quizzes.
OR
Log In

You Might Also Like...

Show Comments

Extras

Top Quizzes Today


Score Distribution

Your Account Isn't Verified!

In order to create a playlist on Sporcle, you need to verify the email address you used during registration. Go to your Sporcle Settings to finish the process.

Report this User

Report this user for behavior that violates our Community Guidelines.

Details: